|
|
|
|
| LEADER |
00000nab a2200000 a 4500 |
| 001 |
vtls000842532 |
| 003 |
SK-MaSNL |
| 005 |
20260304110405.0 |
| 008 |
250429c2003 xo 0 slo |
| 015 |
|
|
|a SNBRB2003/09-22723
|
| 035 |
|
|
|a CLN000194187
|
| 035 |
|
|
|a urn:nbn:sk:snk-abbwkh
|
| 035 |
|
|
|a (urnnbn)urn:nbn:sk:snk:ar-004a22
|
| 035 |
|
|
|a (uuid)17660d8e-b05f-4e5f-bb7d-959c2bb434e9
|
| 040 |
|
|
|a SNKBUCL
|b slo
|c SNKBUCL
|e AACR2
|
| 041 |
0 |
|
|a slo
|
| 044 |
|
|
|a xo
|c SK
|
| 080 |
|
|
|a 82:929:821.111 (73)
|2 1997
|
| 080 |
|
|
|a 821.111 (73):929
|2 1997
|
| 080 |
|
|
|a 929
|2 1997
|
| 100 |
1 |
|
|a Richter, Milan,
|d 1948-
|4 aut
|9 92608
|
| 245 |
1 |
0 |
|a Ellen Bryantová Voigtová (nar. 1943 v Danville, Virgínia) ...
|c Milan Richter
|
| 600 |
1 |
7 |
|a Voigt, Ellen Bryant
|d 1943-
|2 snkbucl
|9 1408823
|
| 655 |
|
7 |
|a články z novín a časopisov
|2 snkbucl
|9 267496
|
| 773 |
0 |
|
|t Revue svetovej literatúry
|g Roč. 39, č. 2 (2003), s. 41
|
| 850 |
|
|
|a Slovenská národná knižnica
|
| 852 |
|
|
|a Slovenská národná knižnica
|
| 958 |
|
|
|a article15
|
| 958 |
|
|
|a LX
|
| 958 |
|
|
|a US
|
| 958 |
|
|
|a OND
|
| 958 |
|
|
|a EUIPO
|
| 992 |
|
|
|a RBX
|
| 999 |
|
|
|c 2859759
|d 2861689
|